[Event "Berlin Lichtenberger op 15th"]
[Site "Berlin"]
[Date "2016.08.19"]
[Round "7"]
[White "Lange, Cecilia"]
[Black "Schaefer Siebert, Heiko"]
[Result "0-1"]
[WhiteElo "1858"]
[BlackElo "1899"]
[PlyCount "116"]
[EventDate "2016.08.13"]
[EventType "swiss"]
[EventRounds "9"]
[EventCountry "GER"]
[SourceTitle "CBM 173 Extra"]
[Source "ChessBase"]
[SourceDate "2016.08.29"]
[SourceVersion "1"]
[SourceVersionDate "2016.08.29"]
[SourceQuality "1"]

1. e4 e5 2. Nf3 Nf6 3. d4 Nxe4 4. Bd3 d5 5. Nxe5 Nd7 6. Nxd7 Bxd7 7. c4 Bb4+ 8. Nd2 Qh4 9. 0-0 0-0-0 10. c5 Nxd2 11. Bxd2 Bxd2 12. Qxd2 Qxd4 13. Qc2 Kb8 14. Rfb1 Rhe8 15. b4 Re5 16. Qb3 Rg5 17. Rd1 Qg4 18. Bf1 Bb5 19. Qg3 Bxf1 20. Rxf1 Qxg3 21. hxg3 Re5 22. Rfe1 Rde8 23. Rxe5 Rxe5 24. Rd1 c6 25. Kf1 Kc7 26. f3 Re3 27. Kf2 Rc3 28. Rd2 a5 29. a3 Rxa3 30. bxa5 Rxa5 31. Rc2 b6 32. cxb6+ Kxb6 33. Ke3 c5 34. g4 Ra8 35. Rb2+ Kc6 36. Kd3 d4 37. Kc4 Ra3 38. Rc2 Ra4+ 39. Kd3 Kd5 40. Rb2 c4+ 41. Kc2 d3+ 42. Kd2 Kd4 43. Rb8 c3+ 44. Ke1 c2 45. Kd2 Ra1 46. Rd8+ Ke5 47. Rc8 c1Q+ 48. Rxc1 Rxc1 49. Kxc1 Kd4 50. g5 Ke3 51. Kd1 d2 52. f4 Kd3 53. f5 Ke3 54. g6 hxg6 55. fxg6 fxg6 56. g3 g5 57. g4 g6 58. Kc2 Ke2 0-1

[Event "Stuttgart-chB int"]
[Site "Ditzingen"]
[Date "2009.05.21"]
[Round "3"]
[White "Schaefer Siebert, Heiko"]
[Black "Hahn, Lilli"]
[Result "1-0"]
[WhiteElo "1899"]
[BlackElo "1697"]
[PlyCount "51"]
[EventDate "2009.05.21"]
[EventType "swiss"]
[EventRounds "7"]
[EventCountry "GER"]
[SourceTitle "EXT 2018"]
[Source "ChessBase"]
[SourceDate "2017.10.13"]
[SourceVersion "1"]
[SourceVersionDate "2017.10.13"]
[SourceQuality "1"]

1. e4 d5 2. exd5 Nf6 3. c4 c6 4. dxc6 Nxc6 5. Nc3 e5 6. d3 Bf5 7. Be3 Qd7 8. Qd2 0-0-0 9. 0-0-0 Bb4 10. f4 Rhe8 11. Be2 Ng4 12. h3 exf4 13. Bxa7 Nxa7 14. Bxg4 Bxg4 15. hxg4 Qxg4 16. Rxh7 Bc5 17. Kb1 Be3 18. Qc2 Qg6 19. Rh3 Qf5 20. Nd5 Bxg1 21. Rxg1 g5 22. Rf3 Nc6 23. Qa4 Nd4 24. Qa8+ Kd7 25. Qxb7+ Kd6 26. Qc7+ 1-0

[Event "Stuttgart-chB int"]
[Site "Gerlingen"]
[Date "2007.05.19"]
[Round "5"]
[White "Schaefer Siebert, Heiko"]
[Black "Wolf, Adam"]
[Result "1-0"]
[WhiteElo "1620"]
[BlackElo "1296"]
[PlyCount "41"]
[EventDate "2007.05.17"]
[EventType "swiss"]
[EventRounds "7"]
[EventCountry "GER"]
[SourceTitle "EXT 2018"]
[Source "ChessBase"]
[SourceDate "2017.10.13"]
[SourceVersion "1"]
[SourceVersionDate "2017.10.13"]
[SourceQuality "1"]

1. e4 d6 2. Nf3 Nf6 3. Nc3 g6 4. Bc4 Bg7 5. d3 0-0 6. h3 c5 7. Bf4 Nc6 8. 0-0 a6 9. a3 b5 10. Ba2 Bb7 11. Rb1 Nd7 12. Nd5 Nb6 13. Qd2 a5 14. Bh6 b4 15. Bxg7 Kxg7 16. Ne3 Rb8 17. Ng4 Rh8 18. Qh6+ Kg8 19. Ng5 e6 20. Nxe6 fxe6 21. Bxe6# 1-0

[Event "Stuttgart-chB int"]
[Site "Gerlingen"]
[Date "2007.05.18"]
[Round "4"]
[White "Bujtas, Oliver"]
[Black "Schaefer Siebert, Heiko"]
[Result "1-0"]
[WhiteElo "1860"]
[BlackElo "1620"]
[PlyCount "55"]
[EventDate "2007.05.17"]
[EventType "swiss"]
[EventRounds "7"]
[EventCountry "GER"]
[SourceTitle "EXT 2018"]
[Source "ChessBase"]
[SourceDate "2017.10.13"]
[SourceVersion "1"]
[SourceVersionDate "2017.10.13"]
[SourceQuality "1"]

1. c4 e5 2. Nc3 Nf6 3. g3 c6 4. d4 e4 5. d5 Bb4 6. Bd2 Qb6 7. Qc2 0-0 8. e3 d6 9. a3 Bxc3 10. Bxc3 Nbd7 11. dxc6 bxc6 12. Bg2 d5 13. Ne2 Ba6 14. cxd5 cxd5 15. 0-0 Bd3 16. Qd2 Nc5 17. Qd1 Bxe2 18. Qxe2 Nd3 19. Rfd1 Rfd8 20. Bf1 Qb7 21. Bxf6 gxf6 22. Qg4+ Kh8 23. Bxd3 exd3 24. Qd4 Qa6 25. Rxd3 Rac8 26. Rc3 Rc4 27. Rxc4 Qxc4 28. Qxf6+ 1-0

[Event "Stuttgart-chB int"]
[Site "Gerlingen"]
[Date "2007.05.17"]
[Round "1"]
[White "Schaefer Siebert, Heiko"]
[Black "Hecht, Felix"]
[Result "1-0"]
[WhiteElo "1620"]
[BlackElo "1213"]
[PlyCount "65"]
[EventDate "2007.05.17"]
[EventType "swiss"]
[EventRounds "7"]
[EventCountry "GER"]
[SourceTitle "EXT 2018"]
[Source "ChessBase"]
[SourceDate "2017.10.13"]
[SourceVersion "1"]
[SourceVersionDate "2017.10.13"]
[SourceQuality "1"]

1. e4 e5 2. Nf3 Nc6 3. Bc4 Nf6 4. d3 Bc5 5. Bg5 0-0 6. 0-0 Nd4 7. Nxe5 b5 8. Bxf7+ Rxf7 9. Nxf7 Kxf7 10. e5 h6 11. Bh4 g5 12. exf6 gxh4 13. Qh5+ Kxf6 14. Qxh4+ Kg6 15. Qxd8 Bb7 16. Qxc7 Bc6 17. Qg3+ Kh7 18. Qg4 Rg8 19. Qh3 Ne2+ 20. Kh1 Nf4 21. Qf5+ Rg6 22. f3 Nxg2 23. Qxc5 Nh4 24. Qe7+ Rg7 25. Qxh4 Rg4 26. Qxg4 a6 27. Nd2 d5 28. Qc8 Kg6 29. Qxc6+ Kg5 30. Rg1+ Kf4 31. Qf6+ Ke3 32. Rae1+ Kxd2 33. Qc3# 1-0

[Event "Stuttgart-chB int"]
[Site "Ditzingen"]
[Date "2006.05.28"]
[Round "7"]
[White "Schaefer Siebert, Heiko"]
[Black "Pocrnic, Josip"]
[Result "0-1"]
[WhiteElo "1372"]
[BlackElo "1678"]
[PlyCount "69"]
[EventDate "2006.05.25"]
[EventType "swiss"]
[EventRounds "7"]
[EventCountry "GER"]
[SourceTitle "EXT 2018"]
[Source "ChessBase"]
[SourceDate "2017.10.13"]
[SourceVersion "1"]
[SourceVersionDate "2017.10.13"]
[SourceQuality "1"]

1. e4 e6 2. d4 d5 3. e5 c5 4. c3 Bd7 5. Nf3 Qb6 6. Bd3 Nc6 7. Bc2 cxd4 8. cxd4 Bb4+ 9. Nc3 Rc8 10. a3 Bxc3+ 11. bxc3 Na5 12. Bd2 Nc4 13. Bd3 Nb2 14. Qc2 Nxd3+ 15. Qxd3 Bb5 16. Qc2 Qc6 17. a4 Ba6 18. Rb1 Qc4 19. Qd1 Ne7 20. Rb4 Qd3 21. Be3 Qxc3+ 22. Qd2 Qc7 23. Qb2 Nc6 24. Rb3 Qa5+ 25. Rc3 Nxd4 26. Bd2 Nxf3+ 27. gxf3 Rxc3 28. Qxc3 Qxc3 29. Bxc3 Kd7 30. Kd2 Rc8 31. Rg1 g6 32. Rc1 Rc4 33. Ra1 h5 34. h4 Ke7 35. f4 0-1

[Event "Stuttgart-chB int"]
[Site "Ditzingen"]
[Date "2006.05.26"]
[Round "4"]
[White "Werner, Philipp"]
[Black "Schaefer Siebert, Heiko"]
[Result "0-1"]
[WhiteElo "1153"]
[BlackElo "1372"]
[PlyCount "66"]
[EventDate "2006.05.25"]
[EventType "swiss"]
[EventRounds "7"]
[EventCountry "GER"]
[SourceTitle "EXT 2018"]
[Source "ChessBase"]
[SourceDate "2017.10.13"]
[SourceVersion "1"]
[SourceVersionDate "2017.10.13"]
[SourceQuality "1"]

1. e4 e5 2. f4 d6 3. Nf3 Nc6 4. Bc4 Be7 5. f5 Nf6 6. d3 g6 7. Ng5 d5 8. exd5 Nxd5 9. Qf3 Bxg5 10. Bxg5 Qxg5 11. Qxd5 0-0 12. 0-0 Bxf5 13. Na3 a6 14. c3 Rad8 15. Qf3 Rd6 16. Rae1 Kg7 17. Bd5 Re8 18. Nc4 Rf6 19. Bxc6 Rxc6 20. Rxe5 Rxe5 21. Nxe5 Rb6 22. Nc4 Rb5 23. a4 Rc5 24. b4 Rc6 25. b5 axb5 26. axb5 Rc5 27. b6 cxb6 28. Nxb6 Rxc3 29. Qxb7 Rxd3 30. Ra1 Qe3+ 31. Kf1 Rd2 32. Qxf7+ Kxf7 33. Ra7+ Ke6 0-1